Metod termo-cikličeskoj obrabotki metallov /

Gespeichert in:
Bibliographische Detailangaben
1. Verfasser: Fedjukin, Benjamin K (Verfasst von)
Format: Buch
Sprache:Russisch
Veröffentlicht: Leningrad : Izd. Leningradskogo Universiteta, 1984
Ausgabe:2.pererab.i dopol.izd.
Tags: Tag hinzufügen
Keine Tags, Fügen Sie das erste Tag hinzu!

MARC

LEADER 00000nam a22000003a 4500
001 stu36014
005 20150617225731.5
008 920520s1984----xxr-----------------rus-d
040 |a STU  |b slo 
041 0 |a rus 
044 |a xxr 
100 1 |a Fedjukin, Benjamin K  |4 aut 
245 1 |a Metod termo-cikličeskoj obrabotki metallov /  |c [aut.]Benjamin K. Fedjukin 
250 |a 2.pererab.i dopol.izd. 
260 |a Leningrad :  |b Izd. Leningradskogo Universiteta,  |c 1984 
300 |a 189 s 
996 |b 284M062404  |c M*6937-1  |l MMKN  |s A  |a 24  |w stu36014_0001